000 00342 a2200157 4500
001 67887
020 _a9788536011479
040 _cAnchieta - Pituba
100 _aJensen, Louis
240 1 0 _aUma jornada para Deus
_lpor
245 1 0 _aUma jornada para Deus
300 _a32
362 0 _a2012
650 4 _aLiteratura juvenil
942 _cBK
999 _c67887
_d67887